000 00789nam a22001817a 4500
005 20260205114605.0
010 _aHIN-131040
020 _a9789349162754
_c235.00
035 _aHN-103386
037 _bDBAD
082 _a821
100 _aगोस्वामी, अमित
_987141
245 _aतुम्हारे बारे में कह रहा था:
_cअमित गोस्वामी
_bशायरी सदाबहार /
260 _aदिल्ली
_bराजपाल एण्ड सन्ज
_c2026
270 _a1590, मदरसा रोड, कश्मीरी गेट,
_bदिल्ली
_e110006
300 _a112पृ.
_c22सेमी(अजिल्द}
942 _2ddc
_cHN
_h821
_mगोस्वामी
999 _c214701
_d214701